[Event "AUS-ch U18"]
[Site "Canberra"]
[Date "2007.01.26"]
[Round "11"]
[White "Lau, Aaron"]
[Black "Balnionis, Alexander"]
[Result "0-1"]
[WhiteElo "749"]
[BlackElo "944"]
[PlyCount "120"]
[EventDate "2007.01.14"]
[EventType "swiss"]
[EventRounds "11"]
[EventCountry "AUS"]
[SourceTitle "EXT 2008"]
[Source "ChessBase"]
[SourceDate "2007.11.25"]
[SourceVersion "1"]
[SourceVersionDate "2007.11.25"]
[SourceQuality "1"]

1. e4 e5 2. Nf3 Nc6 3. Bb5 a6 4. Ba4 d6 5. c3 Bd7 6. d4 exd4 7. Nxd4 Nxd4 8. Bxd7+ Qxd7 9. cxd4 Nf6 10. Nc3 Be7 11. 0-0 0-0 12. Qf3 c6 13. Be3 d5 14. exd5 Nxd5 15. Nxd5 cxd5 16. Qg3 Qd6 17. Qxd6 Bxd6 18. g3 Rfe8 19. Rfe1 Bb4 20. Re2 Ba5 21. a3 h6 22. Rc1 Bb6 23. Rcc2 Re7 24. Red2 Rc7 25. Rxc7 Bxc7 26. Rc2 Bb6 27. b4 a5 28. bxa5 Bxa5 29. Rc5 Bb6 30. Rxd5 Rxa3 31. Rb5 Ra6 32. d5 Bxe3 33. fxe3 Rd6 34. e4 b6 35. Kf2 f6 36. Kf3 Kf7 37. Kf4 g6 38. e5 fxe5+ 39. Kxe5 Ke7 40. h4 h5 41. Ke4 Kf6 42. Kf4 Ke7 43. Ke5 Kd7 44. Rb4 Kc7 45. g4 hxg4 46. Rxg4 b5 47. h5 gxh5 48. Rg7+ Rd7 49. Rg5 Rh7 50. d6+ Kd7 51. Kd5 b4 52. Rg3 h4 53. Rh3 Rh5+ 54. Kc4 Kxd6 55. Rd3+ Ke6 56. Kxb4 h3 57. Rd1 h2 58. Rh1 Kf5 59. Kc3 Kf4 60. Kd3 Kf3 0-1

[Event "AUS-ch U18"]
[Site "Canberra"]
[Date "2007.01.21"]
[Round "7"]
[White "Behne Smith, Jonathon"]
[Black "Balnionis, Alexander"]
[Result "1-0"]
[WhiteElo "1211"]
[BlackElo "944"]
[PlyCount "53"]
[EventDate "2007.01.14"]
[EventType "swiss"]
[EventRounds "11"]
[EventCountry "AUS"]
[SourceTitle "EXT 2008"]
[Source "ChessBase"]
[SourceDate "2007.11.25"]
[SourceVersion "1"]
[SourceVersionDate "2007.11.25"]
[SourceQuality "1"]

1. d4 d5 2. c4 c6 3. cxd5 cxd5 4. Nc3 Nf6 5. Nf3 Bf5 6. Bf4 a6 7. e3 e6 8. Qa4+ Nc6 9. Ne5 b5 10. Bxb5 axb5 11. Qxb5 Nd7 12. Qxc6 Ra7 13. Nb5 Bb4+ 14. Ke2 Ra5 15. a3 Be7 16. Nc7+ Kf8 17. Nxd7+ Kg8 18. b4 Ra7 19. Qb6 Ra4 20. Nb8 Bg5 21. Nc6 Qf6 22. Qb8+ Qd8 23. Nxd8 h6 24. Bxg5 hxg5 25. Ndxe6+ Kh7 26. Nxg5+ Kh6 27. Nxf7+ 1-0